000 00734nam a2200229 a 4500
001 BRCA_2954
005 20190320204038.0
008 161208s1861----nyua---###---#000-0#eng-u
050 4 _aHF1481
_b.B88 1861
100 1 _aButterfield, Carlos
_98211
245 1 0 _aUnited States and Mexico
_bcommerce, trade, and postal facilities between the two countries, statistics of México
_cby Carlos Butterfield.
250 _a2
260 _aNew York
_bJ. A. H. Hasbrouck
_c1861
300 _a1 v. (en varias paginaciones)
_bil.
_c22 cm.
500 _aIncluye apéndice
500 _aB105
650 1 4 _aServicio Postal
_98212
651 4 _aMéxico
_xComercio
_98114
651 4 _aMéxico
_xEstadística
_9209
902 _aGFM
942 _2lcc
_cB
999 _c2693
_d2693